Ben 10 Aliens - Complete - Statistics

General Stats
  • This quiz has been taken 89 times
  • The average score is 44 of 67
Answer Stats
Answer % Correct
Heatblast
91%
Four Arms
88%
Diamondhead
86%
Upgrade
86%
Wildvine
86%
Grey Matter
84%
Swampfire
84%
Wildmutt
84%
XLR8
84%
Alien X
82%
Cannonbolt
82%
Ghostfreak
82%
Way Big
82%
Ripjaws
80%
Stinkfly
80%
Big Chill
79%
Chromastone
79%
Echo Echo
79%
Jetray
79%
Upchuck
77%
Ditto
73%
Feedback
73%
Goop
73%
NRG
73%
Spidermonkey
73%
Blitzwolfer
71%
Brainstorm
70%
Spitter
70%
Eye Guy
68%
Rath
68%
Water Hazard
68%
Frankenstrike
66%
Snare-Oh
66%
Terraspin
66%
Armodrillo
64%
Buzzshock
64%
Arctiguana
63%
Fasttrack
63%
Amphibian
61%
Atomix
61%
Clockwork
61%
Bloxx
59%
Lodestar
59%
Nanomech
57%
Shocksquatch
57%
Gravattack
55%
The Worst
55%
Eatle
54%
Humungosaur
54%
Juryrigg
54%
Crashhopper
52%
Kickin Hawk
50%
Overflow
50%
Ball Weevil
48%
Gutrot
48%
Pesky Dust
48%
Toepick
48%
Walkatrout
48%
Bullfrag
46%
Gax
46%
Mole-Stache
46%
Shock Rock
46%
Whampire
46%
Chamalien
45%
Astrodactyl
43%
Slapback
36%
Surge
32%
No matching quizzes found
Score Distribution
Percent of People with Each Score
Percentile by Number Answered
Your Score History
You have not taken this quiz